Datum a čas kvízu
41.5
Celkem bodů
Celkový počet nahraných bodů na tomto kvízu bez doplňovacích otázek.
3.
Pořadí na kvízu
Konečné umístění týmu na tomto kvízu.
Zaznamenané odpovědi
| # | Otázka | Odpověď | Body | Výsledky |
|---|---|---|---|---|
| 1. | Ve středu byl do vedení Poslan... | Jan Bartošek; KDU-ČSL | 1 | |
| 2. | Zohran Mamdani se minulý týden... | bude starostou New Yorku | 1 | |
| 3. | Minulý týden bylo oznámeno pok... | Mumie | 1 | |
| 4. | Ke 100. výročí založení Národn... | guvernér ČNB; Aleš Michl | 1 | |
| 5. | Který bývalý profesionální spo... | David Beckham | 1 | |
| 6. | První novodobé hry se konaly v... | C | 0 | |
| 7. | U maratonu ještě zůstaneme. Me... | Etiopii, běžel bosky | 1 | |
| 8. | V Calgary se v roce 1988 na st... | Eddie Eagle/orel Eddie/The Eagle; skoky na lyžích | 1 | |
| 9. | Nyní se přeneseme na olympijsk... | Kateřina Kůrková, Matthew Emmons | 1 | |
| 10. | Na závěr postupně uslyšíte tři... | 3, 2, 1 | 1 |